000 00833nam a2200217 a 4500
003 OSt
005 20131008135954.0
008 131008s2006 ag ||||| |||| 00| 0 spa d
040 _cBiblioteca Medicina
041 _aspa
082 _bMINIST. DE SALUD 0403
110 _aMinisterio de Educacion, Ciencia y Tecnologia
_92609
245 0 0 _aAnuario de Estadisticas Universitarias. Vol. 2
250 _a1ยบ ed.
260 _aBuenos Aires
_bMinisterio de Educacion, Ciencia y Tecnologia
_c2006
300 _a232 p.
653 _aUNIVERSIDADES-ESTADISTICAS-2006
942 _2ddc
_cPH
952 _40
_00
_bBFM
_10
_oMINIST. DE SALUD 0403
_d2013-10-08
_tEj. 1
_8NFIC
_70
_cCR
_2ddc
_yPH
_aBFM
952 _40
_00
_bBFM
_10
_oMINIST. DE SALUD 0403
_d2013-10-08
_tEj. 2
_8NFIC
_70
_cCR
_2ddc
_yPH
_aBFM
999 _c1765
_d1765